000 00443cam a2200181ua 4500
020 _c2
041 _amal
_h
082 _a894.812 3
_bNIL/KA
100 _aNilakanta Pillai, Kavungal .
245 _aKambaramayanam /
_cKavungal Nilakanta Pillai.
_hTextual Documents
250 _a7 /
_b.
260 _aKollam :
_bS T Reddiar & Sons ,
_c1959.
300 _a394 ; .
365 _a2
504 _a
942 _cBK
999 _c3966
_d3966